| 000 | 00665nam a22002177a 4500 | ||
|---|---|---|---|
| 999 |
_c9908 _d9908 |
||
| 001 | 9908 | ||
| 003 | OSt | ||
| 005 | 20180716190445.0 | ||
| 008 | 180403b2001 bg ||||| |||| 00| 0 ben d | ||
| 035 | _a(BD-JhCC)9908 | ||
| 040 |
_aBD-JhCC _dBD-JhCC |
||
| 041 | _aben | ||
| 082 |
_a300 _bCHO 2005 |
||
| 100 | _aচৌধুরী, সিরাজুল ইসলাম | ||
| 245 |
_aবাঙালীর সময়-অসময় / _c সিরাজুল ইসলাম চৌধুরী |
||
| 260 |
_aঢাকা : _bবিদ্যা প্রকাশ _c2001. |
||
| 300 |
_a168. p. : _c21 cm. |
||
| 650 | _aSociety | ||
| 942 |
_2ddc _cBK |
||